书目信息 |
| 题名: |
从三分钟热度到一万个小时
|
|
| 作者: | 罗宾丝婷 著 ;刘怡女 译 | |
| 分册: | ||
| 出版信息: | 北京 文化发展出版社 2017 |
|
| 页数: | 14,231页 | |
| 开本: | 24cm | |
| 丛书名: | ||
| 单 册: | ||
| 中图分类: | B848.4-49 | |
| 科图分类: | ||
| 主题词: | 成功心理--通俗读物 | |
| 电子资源: | ||
| ISBN: | 978-7-5142-1814-5 | |
| 000 | 01230nam0 2200253 450 | |
| 001 | 336 | |
| 005 | 20180520205718.89 | |
| 010 | @a978-7-5142-1814-5@dCNY39.80 | |
| 100 | @a20170905d2017 em y0chiy50 ea | |
| 101 | 1 | @achi@ceng |
| 102 | @aCN@b110000 | |
| 105 | @ay z 000yy | |
| 200 | 1 | @a从三分钟热度到一万个小时@9cong san fen zhong re du dao yi wan ge xiao shi@f(美)玛格丽特·罗宾丝婷(Margaret Lobenstine)著@g刘怡女译 |
| 210 | @a北京@c文化发展出版社@d2017 | |
| 215 | @a14,231页@d24cm@e1手册(51页;21cm) | |
| 300 | @a你的兴趣管理书 黑天鹅图书 | |
| 330 | @a本书结合生涯规划、心理咨询与时间管理的概念与技巧,让你学到:重新认识自己的性格特质,爱上多才多艺的自己;选择爱好可以像是在吃四色冰激凌,同时进行几种你目前喜欢的“热情焦点”;用崭新的眼光寻找下一份工作,或者重新看待现在这份给你薪水的工作;不必转换职业轨道,也能满足好几种爱好;用你热爱的事物来赚取金钱;把时间管理得既有秩序又有弹性;不必辞职进修,也能获得新领域的知识。 | |
| 510 | 1 | @aRenaissance soul@zeng |
| 606 | 0 | @a成功心理@j通俗读物 |
| 690 | @aB848.4-49@v5 | |
| 701 | 0 | @c(美)@a罗宾丝婷@9luo bin si ting@c(Lobenstine, Margaret)@4著 |
| 702 | 0 | @a刘怡女@9liu yi nü@c(社会经济专业硕士)@4译 |
| 801 | 0 | @aCN@b91MARC@c20170905 |
| 905 | @aMuseLib@dB848.4@e2025 | |
| 从三分钟热度到一万个小时/(美)玛格丽特·罗宾丝婷(Margaret Lobenstine)著/刘怡女译.-北京:文化发展出版社,2017 |
| 14,231页;24cm+1手册(51页;21cm) |
| 你的兴趣管理书 黑天鹅图书 |
| ISBN 978-7-5142-1814-5:CNY39.80 |
| 本书结合生涯规划、心理咨询与时间管理的概念与技巧,让你学到:重新认识自己的性格特质,爱上多才多艺的自己;选择爱好可以像是在吃四色冰激凌,同时进行几种你目前喜欢的“热情焦点”;用崭新的眼光寻找下一份工作,或者重新看待现在这份给你薪水的工作;不必转换职业轨道,也能满足好几种爱好;用你热爱的事物来赚取金钱;把时间管理得既有秩序又有弹性;不必辞职进修,也能获得新领域的知识。 |
| ● |
| 相关链接 |
|
|
|
|
正题名:从三分钟热度到一万个小时
索取号:B848.4/2025
 
预约/预借
| 序号 | 登录号 | 条形码 | 馆藏地/架位号 | 状态 | 备注 |
| 1 | 1064260 | 210642606 | 第一样本阅览室/ [索取号:B848.4/2025] | 在馆 | |
| 2 | 1064261 | 210642615 | 第一借阅区/ [索取号:B848.4/2025] | 在馆 | |
| 3 | 1064262 | 210642624 | 第一借阅区/ [索取号:B848.4/2025] | 在馆 | |
| 4 | 1064263 | 210642633 | 第一借阅区/ [索取号:B848.4/2025] | 在馆 | |
| 5 | 1064264 | 210642642 | 第一借阅区/ [索取号:B848.4/2025] | 在馆 | |
| 6 | 1064265 | 210642651 | 密集书库-史法系/ [索取号:B848.4/2025] | 在馆 | |
| 7 | 1101948 | 211019486 | 第一借阅区/ [索取号:B848.4/2025] | 在馆 | |
| 8 | 1101949 | 211019495 | 教育系资料室/ [索取号:B848.4/2025] | 在馆 | |
| 9 | 1101950 | 211019501 | 教育系资料室/ [索取号:B848.4/2025] | 在馆 | |
| 10 | 1101951 | 211019510 | 教育系资料室/ [索取号:B848.4/2025] | 在馆 | |
| 11 | 1101952 | 211019529 | 第一借阅区/ [索取号:B848.4/2025] | 在馆 | |
| 12 | 1101953 | 211019538 | 第一借阅区/ [索取号:B848.4/2025] | 在馆 |